| 000 | 00958cam a22002891 4500 | ||
|---|---|---|---|
| 001 | 3115123 | ||
| 005 | 20180530113904.0 | ||
| 008 | 731212s1967 nyu b 000 0beng | ||
| 010 | _a 66020926 | ||
| 040 |
_aDLC _cDLC _dDLC |
||
| 043 | _an-us--- | ||
| 100 | 1 |
_aArmstrong, O. K. _q(Orland Kay), _d1893-1987. |
|
| 245 | 1 | 4 |
_aThe indomitable Baptists: _ba narrative of their role in shaping American history _c[by] O. K. Armstrong and Marjorie M. Armstrong. |
| 250 | _a1st ed. | ||
| 260 |
_aGarden City, N.Y., _bDoubleday, _cc1967. |
||
| 300 |
_axiv, 392 p. _c25 cm. |
||
| 336 | _atext | ||
| 337 | _aunmediated | ||
| 338 | _avolume | ||
| 490 | 0 | _aReligion in America series | |
| 500 | _aLater ed. (1979) published under title: The Baptists in America. | ||
| 504 | _aBibliography: p. 375-384. | ||
| 650 | 0 |
_aBaptists _zUnited States. |
|
| 650 | 0 |
_aBaptists _xBiography. |
|
| 700 | 1 |
_aArmstrong, Marjorie Moore, _ejoint author. |
|
| 942 |
_2lcc _cBK |
||
| 999 |
_c42251 _d42251 |
||